Akta Kualiti Alam Sekeliling 1974 (Akta 127) & peraturan-peraturan dan perintah-perintah : (hingga 5hb Jun 2006)

Bibliographic Details
Corporate Author: MALAYSIA
Format: Book
Published: Kuala Lumpur : International Law Book Services , 2006
Series:Undang-Undang Malaysia
Subjects:

MARC

LEADER 00000cam a2200000 7i4500
001 0000003911
005 20111019.0
020 0 0 |a 9678916886 
090 0 0 |a R344.595046   |b MAL 2006 
110 1 0 |a MALAYSIA 
245 1 0 |a Akta Kualiti Alam Sekeliling 1974 (Akta 127) & peraturan-peraturan dan perintah-perintah :   |b (hingga 5hb Jun 2006)   |c disusun oleh: Lembaga Penyelidikan Undang-Undang 
260 0 0 |a Kuala Lumpur :   |b International Law Book Services ,   |c 2006 
300 |a iv, 255 p. ;   |c 25 cm. 
440 0 0 |a Undang-Undang Malaysia 
650 0 0 |a Pollution   |x Law and legislation   |z Malaysia 
998 |a JPSM 
999 |a 007350   |b Monograph   |c Reference   |e Default branch